| 000 | 01383cam a2200373 i 4500 | ||
|---|---|---|---|
| 001 | data | ||
| 005 | 20260322212108.0 | ||
| 006 | data | ||
| 007 | data | ||
| 008 | data | ||
| 035 | _a21589289 | ||
| 906 |
_a7 _bcbc _corigcop _d1 _eecip _f20 _gy-gencatlg |
||
| 925 | 0 |
_aacquire _eecip ebook _xpolicy default |
|
| 955 | _fxk12 2020-07-02 (telework) book rec'd | ||
| 010 | _a 2020685528 | ||
| 020 |
_a9781536138849 _q(ebook) |
||
| 020 | _z9781536138832 | ||
| 040 |
_aDLC _beng _erda _cDLC _dDLC |
||
| 042 | _apcc | ||
| 050 | 1 | 0 | _aJC571 |
| 245 | 0 | 0 |
_aHuman rights in a changing world : _bresearch and applied approaches/ _cArtemis Z. Giotsa, editor. |
| 264 | 1 |
_aNew York : _bNova Science Publishers, _c[2018] |
|
| 300 |
_a1 online resource : _billustrations. |
||
| 336 |
_astill image _bsti _2rdacontent |
||
| 337 |
_acomputer _bc _2rdamedia |
||
| 338 |
_aonline resource _bcr _2rdacarrier |
||
| 490 | 0 | _aHuman rights contemporary issues and perspectives | |
| 504 | _aIncludes bibliographical references and index. | ||
| 588 | _aDescription based on print version record; title from PDF title page, viewed (07/02/2020). | ||
| 650 | 0 | _aHuman rights. | |
| 650 | 7 | _aHuman rights | |
| 776 | 0 | 8 |
_iPrint version: _tHuman rights in a changing world _dNew York : NOVA Science Publishers, [2018] _z9781536138832 _w(DLC) 2018420475 |
| 985 |
_aLC online resource _d2020-06-25 |
||
| 999 |
_c1600 _d1600 |
||